000 00311nam a2200133 i 4500
001 bg
100 1 _aMANDELSTAM, L. J.
245 0 _aLekcii po teoriju kolebanij /
_cL.J. Mandelstam.
260 _aMoskwa,
_c1972.
040 _cBPK
041 _apol
942 _cKS
008 s pl f |000 0 pol
999 _c14645
_d14645
856 _uhttp://koha.tu.koszalin.pl/cgi-bin/koha/opac-detail.pl?biblionumber=14645
_yKatalog online BPK